The writing of history /

Guardat en:
Dades bibliogràfiques
Autor principal: Certeau, Michel de
Altres autors: Conley, Tom (traductor)
Format: Text
Idioma:Spanish
Publicat: New York: Columbia University Press
Matèries:
Etiquetes: Afegir etiqueta
Sense etiquetes, Sigues el primer a etiquetar aquest registre!

MARC

LEADER 00000 a a2200000 04500
001 39212
003 cru CIDCACS/IIS
005 20231212091337.0
008 170518b xxu||||| |||| 00| 0 spa d
020 |a 0-231-05575-7   |a 0-231-05575-7  
040 |c cru CIDCACS/IIS  |a cru CIDCACS/IIS 
090 |a 05.01.01 C418w  
100 |a Certeau, Michel de  
245 |a The writing of history /  |c Michel de Certeau; traducido por Tom Conley 
260 |a New York:   |b Columbia University Press  
300 |a 368 páginas 
650 |a HISTORIA  
650 |a HISTORIOGRAFIA  
650 |a METODOLOGIA  
650 |a TEORIA  
700 1 |a Conley, Tom  |9 4777  |e traductor 
942 |2 z  |c LI  |h 05.01.01 C418w   |i 06283  |6 050101_C418W_06283 
999 |c 15872  |d 15872